000 01121nam0a22002891 4500
001 rc\3649713
005 20250610054859.0
021 _aRU
_bП12-74
035 _a(NLR Aleph) 007733501
090 _a7080898
_c7080898
100 _a20130115d1973 |||y0rusy50 ca
101 0 _arus
102 _aRU
105 _ay z |||||
200 1 _aРоль науки в техническом прогрессе отрасли
_fМ-во торговли СССР. Центр. науч.-исслед. ин-т науч., техн. и экон. информации в торговле и обществ. питании
210 _aМосква
_cБ. и.
_d1973
215 _a44 с.
_d20
225 1 _aОбзорная информация
_iСерия "Торговля"
_vВып. 7
300 _aНа обл. только загл. серии
300 _aАвт. указан на 3-й с.
320 _aБиблиогр.: с. 44
700 1 _aМорозов
_bН.Н.
_gНиколай Николаевич
801 0 _aRU
_bNLR
_gpsbo
801 1 _aRU
_bELAR
_2rusmarc
852 _aNLR
_jП22/3526
942 _cBOOK
980 _aNB